1626 1757 1329 1454 1434 1859 1266 1322 1647 1455 1222 1662 1855 1284 1185 1139 1865 1266 1915 1956 1041 1487 1794 1284 1594 1569 1925 1410 1250 1336 1562 1247 1370 1621 1232 1635 1390 1581 1930 1624 1604 1339 1422 1307 1444 1107 1117 1434 1868 1773 1632 1373 1529 1205 1819 1982 1021 1951 1070 1116 1901 1522 1579 1507 1011 1546 1688 1665 1874 1675 1699 1115 1979 1164 1324 1565 1505 1243 1042 1530 1029 1696 1996 1934 1230 1562 1265 1650 1744 1293 1095 1292 1945 1684 1286 1039 1289 1032 1096 BCNSPRNW ULIB Ver.6.0+V

เปลี่ยนเป็นภาษาไทย

Change to English
 แสดงรายละเอียดบรรณานุกรม
  กลับหน้าหลัก

Brief Record : Get Marc (ISO 2709) : E-mail record : QR code < ปิดหน้าต่าง
LEADER : 00000nam a2200000 a 4500
001    13399126967
003     ULIB
008    190319s2562 th a 000 0 tha d
020    ^a9786164789265
040    ^abpr
050  4 ^aH62^bช523ศ
100 0  ^aชาย โพธิสิตา
245 10 ^aศาสตร์และศิลป์การวิจัยเชิงคุณภาพ :^bคู่มือนักศึกษาและนักวิจัยสังคมศาสตร์ /^cชาย โพธิสิตา
250    ^aพิมพ์ครั้งที่ 8 ปรับปรุงใหม่ เพิ่มเนื้อหา
260    ^aกรุงเทพฯ :^bอมรินทร์พริ้นติ้งแอนด์พับลิชชิ่ง,^c2562,
300    ^a374 หน้า :^bภาพประกอบ ;^c24 ซม.
650  0 ^aResearch
650  0 ^aSocial sciences^xResearch
650  0 ^aSocial sciences^xMethodology
650  0 ^aSocial research
650  0 ^aSocial^xResearch^xMethodology^vHandbooks,manuals,etc.
650  4 ^aสังคมศาสตร์^xวิจัย
650  4 ^aวิจัย
650  4 ^aวิจัยเชิงคุณภาพ
650  4 ^aสังคมศาสตร์^xวิธีวิทยา
650  4 ^aการวิจัยทางสังคมศาสตร์
945    ^p600^l0^i27751
945    ^p600^l0^i27749
945    ^p600^l0^i27748
945    ^p600^l0^i27750
945    ^p600^l0^i27747
995    ^aัณชพร จุลอักษร
999    ^aกัณชพร
รายการนี้ยังไม่มีแท็ก
คุณยังไม่ได้ล็อกอิน คุณสามารถมีกิจกรรมร่วมกับเว็บไซต์ได้ แต่ต้องล็อกอินก่อน ::
  ล็อกอิน

รายการสื่อสารสนเทศ

ลำดับที่ ประเภท เลขเรียก/บาร์โค้ด สถานที่ สถานะ
1. หนังสือสำรอง
หนังสือสำรอง
H62 ช523ศ ฉ.1 
  Barcode: 27747
ห้องสมุดวิทยาเขตนครสวรรค์
►หนังสือทั่วไป:l:General Books
บนชั้น
2. วิทยาศาสตร์การแพทย์ และสุขภาพ
วิทยาศาสตร์การแพทย์ และสุขภาพ
H62 ช523ศ ฉ.2 
  Barcode: 27748
ห้องสมุดวิทยาเขตนครสวรรค์
►หนังสือทั่วไป:l:General Books
บนชั้น
3. วิทยาศาสตร์การแพทย์ และสุขภาพ
วิทยาศาสตร์การแพทย์ และสุขภาพ
H62 ช523ศ ฉ.3 
  Barcode: 27749
ห้องสมุดวิทยาเขตนครสวรรค์
►หนังสือทั่วไป:l:General Books
บนชั้น
4. วิทยาศาสตร์การแพทย์ และสุขภาพ
วิทยาศาสตร์การแพทย์ และสุขภาพ
H62 ช523ศ ฉ.4 
  Barcode: 27750
ห้องสมุดวิทยาเขตนครสวรรค์
►หนังสือทั่วไป:l:General Books
บนชั้น
5. วิทยาศาสตร์การแพทย์ และสุขภาพ
วิทยาศาสตร์การแพทย์ และสุขภาพ
H62 ช523ศ ฉ.5 
  Barcode: 27751
ห้องสมุดวิทยาเขตนครสวรรค์
►หนังสือทั่วไป:l:General Books
บนชั้น

รายการใกล้เคียง
    ผู้แต่ง [ชาย โพธิสิตา]

    หัวเรื่อง [Research]
    หัวเรื่อง [Social research]
    หัวเรื่อง [วิจัย]
    หัวเรื่อง [วิจัยเชิงคุณภาพ]
    หัวเรื่อง [การวิจัยทางสังคมศาสตร์]

BibComment


ยังไม่เคยถูกคอมเมนท์

คอมเมนท์ทรัพยากรรายการนี้
  คอมเมนท์: ศาสตร์และศิลป์กา..


 Copyright 2026. Bcnsprnw @Library